Využitie svetla v medicínskej terapii - základná fyzikálna charakterizácia zdroja svetla v biolampách bakalárska práca

Salvato in:
Dettagli Bibliografici
Autore principale: Nagyová, Klaudia
Natura: Libro
Lingua:slovacco
Pubblicazione: Bratislava STU FCHPT 2018
Accesso online:Visualizza in OPAC
Tags: Aggiungi Tag
Nessun Tag, puoi essere il primo ad aggiungerne!!

MARC

LEADER 00000nam a2200000 a 4500
005 20260127134341.0
008 181017 2018 xo a 001 0 slo d
035 |a vtls011785782 
039 9 |y 201810171302  |z mschk03 
040 |a STUSCHK1  |b slo  |c STUSCHK1  |e AACR2 
100 1 |a Nagyová, Klaudia  |9 514 
245 1 |a Využitie svetla v medicínskej terapii - základná fyzikálna charakterizácia zdroja svetla v biolampách  |b bakalárska práca  |c Klaudia Nagyová 
260 |a Bratislava  |b STU FCHPT  |c 2018 
300 |a 60 s.  |b il.  |c 25 cm 
500 |a Študijný program: výživa, kozmetika, ochrana zdravia 
500 |a Študijný odbor: potravinárstvo 
500 |a Školiace pracovisko: Oddelenie fyzikálnej chémie 
500 |a Evid. číslo: FCHPT-104558-64279 
910 |a SCHK95 
999 |c 10549  |d 10549